[Event "GER-chT U10"]
[Site "Magdeburg"]
[Date "2013.12.28"]
[Round "4.2"]
[White "Valenta, Hannes"]
[Black "Langenhorst, Janis"]
[Result "1-0"]
[WhiteElo "833"]
[BlackElo "600"]
[PlyCount "45"]
[EventDate "2013.12.27"]
[EventType "team-swiss"]
[EventRounds "5"]
[EventCountry "GER"]
[SourceTitle "EXT 2015"]
[Source "ChessBase"]
[SourceDate "2014.11.20"]
[SourceVersion "1"]
[SourceVersionDate "2014.11.20"]
[SourceQuality "1"]
[WhiteTeam "Oberland II"]
[BlackTeam "Raesfeld II"]
[WhiteTeamCountry "GER"]
[BlackTeamCountry "GER"]

1. e4 e5 2. Nf3 Nc6 3. Bc4 Bc5 4. c3 Bb6 5. d4 d6 6. Be3 Nf6 7. Nbd2 0-0 8. Qc2 h6 9. 0-0 Ng4 10. h3 Nxe3 11. fxe3 Qf6 12. Rf2 Na5 13. Bb3 c5 14. Raf1 cxd4 15. exd4 exd4 16. cxd4 Bxd4 17. Nxd4 Qxd4 18. Kh1 b6 19. e5 dxe5 20. Bxf7+ Kh8 21. Bd5 Bb7 22. Rxf8+ Rxf8 23. Rxf8# 1-0

[Event "GER-chT U10"]
[Site "Magdeburg"]
[Date "2013.12.27"]
[Round "1.2"]
[White "Valenta, Hannes"]
[Black "Melzig, Antonio"]
[Result "0-1"]
[WhiteElo "833"]
[BlackElo "1024"]
[PlyCount "110"]
[EventDate "2013.12.27"]
[EventType "team-swiss"]
[EventRounds "5"]
[EventCountry "GER"]
[SourceTitle "EXT 2015"]
[Source "ChessBase"]
[SourceDate "2014.11.20"]
[SourceVersion "1"]
[SourceVersionDate "2014.11.20"]
[SourceQuality "1"]
[WhiteTeam "Oberland II"]
[BlackTeam "Biberach"]
[WhiteTeamCountry "GER"]
[BlackTeamCountry "GER"]

1. e4 e5 2. Nf3 Nc6 3. Bc4 Nf6 4. Ng5 d5 5. exd5 Na5 6. Bb5+ c6 7. dxc6 bxc6 8. Be2 Nd5 9. d3 h6 10. Nf3 Bg4 11. Nxe5 Bxe2 12. Qxe2 Be7 13. 0-0 0-0 14. Qg4 Bg5 15. Bxg5 Qxg5 16. Qxg5 hxg5 17. Nc3 Nxc3 18. bxc3 Rfe8 19. Rfe1 Re6 20. h3 Rae8 21. d4 f6 22. Nd3 Rxe1+ 23. Rxe1 Rxe1+ 24. Nxe1 Nc4 25. Nd3 Na3 26. Nb4 Kf7 27. Nxc6 a6 28. d5 Nxc2 29. c4 Ke8 30. d6 Kd7 31. Na5 Kxd6 32. Nb3 Na3 33. Nd4 g6 34. Ne2 Nxc4 35. g3 a5 36. h4 gxh4 37. gxh4 Ne5 38. Nf4 Kc5 39. h5 gxh5 40. Nxh5 Kb4 41. Nf4 Ka3 42. Kf1 Kxa2 43. Ke1 Kb2 44. Kd2 a4 45. Ne2 a3 46. Nc3 Nc4+ 47. Kd3 Ne5+ 48. Kd2 Ng4 49. f4 f5 50. Kd3 Nf2+ 51. Kd2 Nh3 52. Kd3 Nxf4+ 53. Kc4 Nh3 54. Kb4 a2 55. Nxa2 Kxa2 0-1